[Event "Blitz 2018"]
[Site "Saint-Petersburg"]
[Date "2018.12.29"]
[Round "9"]
[Board "82"]
[White "Seliverstov Vladimir (RUS)"]
[Black "Gurvich Vitaly (RUS)"]
[Result "1-0"]
[LiveChessVersion "1.4.8"]
[BlackElo "2302"]
[WhiteElo "2512"]

1. d4 {[%clk 0:03:01]} Nf6 {[%clk 0:03:03]} 2. Nf3 {[%clk 0:03:02]} e6
{[%clk 0:03:03]} 3. Bf4 {[%clk 0:03:03]} b6 {[%clk 0:03:02]} 4. e3
{[%clk 0:03:03]} c5 {[%clk 0:03:00]} 5. h3 {[%clk 0:03:04]} Be7 {[%clk 0:03:00]}
6. c3 {[%clk 0:03:04]} O-O {[%clk 0:02:59]} 7. Nbd2 {[%clk 0:03:05]} Ba6
{[%clk 0:02:44]} 8. Bxa6 {[%clk 0:03:03]} Nxa6 {[%clk 0:02:45]} 9. O-O
{[%clk 0:03:00]} cxd4 {[%clk 0:02:46]} 10. exd4 {[%clk 0:02:59]} Nc7
{[%clk 0:02:46]} 11. Re1 {[%clk 0:02:55]} b5 {[%clk 0:02:47]} 12. a4
{[%clk 0:02:47]} Ncd5 {[%clk 0:02:48]} 13. Bh2 {[%clk 0:02:46]} a6
{[%clk 0:02:47]} 14. Qb3 {[%clk 0:02:38]} d6 {[%clk 0:02:27]} 15. axb5
{[%clk 0:02:12]} axb5 {[%clk 0:02:27]} 16. Qxb5 {[%clk 0:02:13]} Rb8
{[%clk 0:02:24]} 17. Qd3 {[%clk 0:02:13]} Rxb2 {[%clk 0:02:18]} 18. c4
{[%clk 0:02:15]} Nc7 {[%clk 0:02:05]} 19. Ra7 {[%clk 0:02:05]} Qb8
{[%clk 0:01:57]} 20. Qa3 {[%clk 0:02:03]} Rd8 {[%clk 0:01:07]} 21. Rxc7
{[%clk 0:02:00]} Rxd2 {[%clk 0:01:07]} 22. Rxe7 {[%clk 0:02:00]} Rc2
{[%clk 0:01:01]} 23. c5 {[%clk 0:01:54]} Nd5 {[%clk 0:00:55]} 24. Bxd6
{[%clk 0:01:53]} Qb5 {[%clk 0:00:33]} 25. Ra7 {[%clk 0:01:47]} h5
{[%clk 0:00:33]} 26. Qa5 {[%clk 0:01:42]} Qe8 {[%clk 0:00:27]} 27. Rb1
{[%clk 0:01:39]} Nc3 {[%clk 0:00:05]} 28. Rbb7 {[%clk 0:01:39]} Rc1+
{[%clk 0:00:06]} 29. Kh2 {[%clk 0:01:40]} Ne4 {[%clk 0:00:04]} 30. Rxf7
{[%clk 0:01:32]} Nxd6 {[%clk 0:00:03]} 31. Rxg7+ {[%clk 0:01:32]} Kh8
{[%clk 0:00:05]} 32. cxd6 {[%clk 0:01:31]} Rxd6 {[%clk 0:00:04]} 33. Rh7+
{[%clk 0:01:30]} Kg8 {[%clk 0:00:04]} 34. Qg5+ 1-0

[Event "Blitz 2018"]
[Site "Saint-Petersburg"]
[Date "2018.12.29"]
[Round "9"]
[Board "83"]
[White "Anikonov Dmitry (RUS)"]
[Black "Pershin Denis (RUS)"]
[Result "1/2-1/2"]
[LiveChessVersion "1.4.8"]
[BlackElo "2354"]
[WhiteElo "2511"]

1. d4 {[%clk 0:03:03]} d5 {[%clk 0:03:04]} 2. c4 {[%clk 0:03:04]} c6
{[%clk 0:03:05]} 3. Nf3 {[%clk 0:03:02]} Nf6 {[%clk 0:03:07]} 4. g3
{[%clk 0:03:02]} dxc4 {[%clk 0:03:05]} 5. Bg2 {[%clk 0:03:03]} g6
{[%clk 0:03:02]} 6. a4 {[%clk 0:03:01]} Bg7 {[%clk 0:02:36]} 7. Na3
{[%clk 0:03:02]} Be6 {[%clk 0:02:19]} 8. O-O {[%clk 0:02:55]} O-O
{[%clk 0:01:45]} 9. Qc2 {[%clk 0:02:50]} Na6 {[%clk 0:01:40]} 10. Bd2
{[%clk 0:02:47]} c5 {[%clk 0:01:20]} 11. dxc5 {[%clk 0:02:21]} Nxc5
{[%clk 0:01:20]} 12. Nxc4 {[%clk 0:02:18]} Bf5 {[%clk 0:01:18]} 13. Qd1
{[%clk 0:02:13]} Nfe4 {[%clk 0:01:10]} 14. Be3 {[%clk 0:02:01]} Qxd1
{[%clk 0:01:05]} 15. Rfxd1 {[%clk 0:01:57]} Rad8 {[%clk 0:01:05]} 16. Nfd2
{[%clk 0:01:15]} Nxd2 {[%clk 0:00:54]} 17. Nxd2 {[%clk 0:01:15]} Bxb2
{[%clk 0:00:40]} 18. Ra2 {[%clk 0:00:55]} Bd4 {[%clk 0:00:41]} 19. Nc4
{[%clk 0:00:36]} Bxe3 {[%clk 0:00:34]} 20. Nxe3 {[%clk 0:00:37]} Rxd1+ 21. Nxd1
{[%clk 0:00:38]} Rd8 {[%clk 0:00:26]} 22. Ne3 {[%clk 0:00:39]} Be4
{[%clk 0:00:28]} 23. Bxe4 {[%clk 0:00:34]} Nxe4 {[%clk 0:00:29]} 24. Rc2
{[%clk 0:00:35]} Rd2 {[%clk 0:00:27]} 25. Rc7 {[%clk 0:00:33]} Rxe2
{[%clk 0:00:25]} 26. Rxe7 {[%clk 0:00:25]} Nc5 {[%clk 0:00:07]} 27. Rc7
{[%clk 0:00:21]} Nxa4 {[%clk 0:00:05]} 28. Rxb7 {[%clk 0:00:22]} a6
{[%clk 0:00:05]} 29. Nd5 {[%clk 0:00:20]} Nc5 {[%clk 0:00:05]} 30. Rc7
{[%clk 0:00:19]} Ne4 {[%clk 0:00:05]} 31. Re7 {[%clk 0:00:17]} Nc3
{[%clk 0:00:04]} 32. Rd7 {[%clk 0:00:06]} Nxd5 {[%clk 0:00:05]} 33. Rxd5
{[%clk 0:00:07]} Ra2 {[%clk 0:00:04]} 34. Rd8+ {[%clk 0:00:07]} Kg7
{[%clk 0:00:06]} 35. h4 {[%clk 0:00:08]} a5 {[%clk 0:00:05]} 36. Ra8
{[%clk 0:00:08]} h5 {[%clk 0:00:04]} 37. Kg2 {[%clk 0:00:10]} Ra3
{[%clk 0:00:05]} 38. Ra6 {[%clk 0:00:10]} Ra1 {[%clk 0:00:06]} 39. Ra7
{[%clk 0:00:11]} Ra4 {[%clk 0:00:07]} 40. Ra6 {[%clk 0:00:12]} Ra2
{[%clk 0:00:08]} 41. Ra7 {[%clk 0:00:13]} Kf6 {[%clk 0:00:09]} 42. Ra6+
{[%clk 0:00:14]} Ke5 {[%clk 0:00:10]} 43. Ra7 {[%clk 0:00:15]} Ke6
{[%clk 0:00:11]} 44. Kf3 {[%clk 0:00:16]} a4 {[%clk 0:00:11]} 45. g4
{[%clk 0:00:12]} hxg4+ {[%clk 0:00:11]} 46. Kxg4 {[%clk 0:00:13]} Rxf2
{[%clk 0:00:09]} 47. Rxa4 {[%clk 0:00:13]} Kf6 {[%clk 0:00:08]} 48. Ra6+
{[%clk 0:00:14]} Kg7 {[%clk 0:00:08]} 49. Ra7 {[%clk 0:00:10]} Rg2+
{[%clk 0:00:09]} 50. Kf3 {[%clk 0:00:10]} Rb2 {[%clk 0:00:09]} 51. Kg4
{[%clk 0:00:11]} Rb4+ {[%clk 0:00:10]} 52. Kg3 {[%clk 0:00:12]} Rb6
{[%clk 0:00:09]} 53. Kg4 {[%clk 0:00:12]} Re6 {[%clk 0:00:10]} 54. Ra4
{[%clk 0:00:12]} Kf6 {[%clk 0:00:09]} 55. Rf4+ {[%clk 0:00:11]} Ke7
{[%clk 0:00:10]} 56. Ra4 {[%clk 0:00:12]} Re1 {[%clk 0:00:10]} 57. Ra7+
{[%clk 0:00:12]} Kf6 {[%clk 0:00:12]} 58. Ra6+ {[%clk 0:00:13]} Re6
{[%clk 0:00:12]} 59. Ra4 {[%clk 0:00:14]} Rd6 {[%clk 0:00:13]} 60. Rf4+
{[%clk 0:00:13]} Ke6 {[%clk 0:00:13]} 61. Re4+ {[%clk 0:00:14]} Kd5
{[%clk 0:00:14]} 62. Re7 {[%clk 0:00:12]} Rf6 {[%clk 0:00:13]} 63. h5
{[%clk 0:00:10]} gxh5+ {[%clk 0:00:11]} 64. Kxh5 {[%clk 0:00:11]} Kd6
{[%clk 0:00:11]} 65. Re2 {[%clk 0:00:11]} Rf5+ {[%clk 0:00:05]} 66. Kg4
{[%clk 0:00:11]} Re5 {[%clk 0:00:07]} 67. Rd2+ {[%clk 0:00:11]} Ke6
{[%clk 0:00:08]} 68. Kf4 {[%clk 0:00:12]} Ra5 {[%clk 0:00:08]} 69. Rb2
{[%clk 0:00:13]} Ra4+ {[%clk 0:00:10]} 70. Kf3 {[%clk 0:00:14]} Kf5
{[%clk 0:00:09]} 71. Rb5+ {[%clk 0:00:15]} Kg6 {[%clk 0:00:11]} 72. Rc5
{[%clk 0:00:15]} f6 {[%clk 0:00:08]} 73. Rb5 {[%clk 0:00:16]} Rh4
{[%clk 0:00:07]} 74. Ra5 {[%clk 0:00:17]} Rh7 {[%clk 0:00:06]} 75. Rb5
{[%clk 0:00:18]} Rd7 {[%clk 0:00:07]} 76. Ra5 {[%clk 0:00:19]} Rd4
{[%clk 0:00:05]} 77. Rb5 {[%clk 0:00:20]} f5 {[%clk 0:00:05]} 78. Rb8
{[%clk 0:00:21]} Kf6 {[%clk 0:00:04]} 79. Rf8+ {[%clk 0:00:19]} Ke6
{[%clk 0:00:05]} 80. Re8+ {[%clk 0:00:20]} Kf7 {[%clk 0:00:06]} 81. Ra8
{[%clk 0:00:20]} Rc4 {[%clk 0:00:06]} 82. Ra6 {[%clk 0:00:21]} Rd4
{[%clk 0:00:06]} 83. Ke4 1/2-1/2

[Event "Blitz 2018"]
[Site "Saint-Petersburg"]
[Date "2018.12.29"]
[Round "9"]
[Board "84"]
[White "Fakhrutdinov Timur (RUS)"]
[Black "Sokolin Leonid (USA)"]
[Result "0-1"]
[LiveChessVersion "1.4.8"]
[BlackElo "2508"]
[WhiteElo "2357"]

1. e4 {[%clk 0:03:03]} c5 {[%clk 0:03:03]} 2. Nf3 Nc6 3. d4 {[%clk 0:03:05]} cxd4
{[%clk 0:03:06]} 4. Nxd4 Qb6 5. Nb3 {[%clk 0:03:06]} Nf6 {[%clk 0:03:08]} 6. Nc3
{[%clk 0:03:07]} e6 {[%clk 0:03:10]} 7. a3 {[%clk 0:03:08]} a6 {[%clk 0:03:10]}
8. Bf4 {[%clk 0:03:09]} Ne7 {[%clk 0:03:05]} 9. g3 {[%clk 0:03:08]} Ng6
{[%clk 0:03:04]} 10. Be3 {[%clk 0:03:01]} Qc7 {[%clk 0:03:06]} 11. f4
{[%clk 0:02:18]} d6 {[%clk 0:03:07]} 12. Qf3 {[%clk 0:02:17]} b5 {[%clk 0:02:55]}
13. O-O-O Bb7 14. Bd3 {[%clk 0:01:57]} Rc8 {[%clk 0:02:42]} 15. g4
{[%clk 0:01:52]} d5 {[%clk 0:02:40]} 16. Rd2 {[%clk 0:00:29]} dxe4
{[%clk 0:02:31]} 17. Nxe4 {[%clk 0:00:26]} Nd5 {[%clk 0:02:32]} 18. Rf1
{[%clk 0:00:14]} Nxe3 {[%clk 0:02:07]} 19. Qxe3 {[%clk 0:00:15]} Be7
{[%clk 0:02:04]} 20. f5 {[%clk 0:00:12]} Ne5 {[%clk 0:01:44]} 21. fxe6
{[%clk 0:00:12]} fxe6 {[%clk 0:01:38]} 22. Kb1 {[%clk 0:00:06]} Nc4
{[%clk 0:01:21]} 23. Bxc4 Qxc4 {[%clk 0:01:21]} 24. Re1 {[%clk 0:00:06]} O-O
{[%clk 0:01:17]} 25. Na5 {[%clk 0:00:05]} Qxe4 {[%clk 0:01:09]} 26. Qxe4
{[%clk 0:00:05]} Bxe4 {[%clk 0:01:10]} 27. Rxe4 {[%clk 0:00:07]} Rf6
{[%clk 0:00:59]} 28. Rde2 {[%clk 0:00:08]} Kf7 {[%clk 0:00:58]} 29. Nb3
{[%clk 0:00:09]} Rc4 {[%clk 0:00:52]} 30. Nd4 {[%clk 0:00:08]} Bc5
{[%clk 0:00:49]} 31. Nb3 {[%clk 0:00:06]} Rxe4 {[%clk 0:00:47]} 32. Rxe4 Bb6 33.
a4 {[%clk 0:00:06]} Rf1+ {[%clk 0:00:47]} 34. Ka2 {[%clk 0:00:07]} Rf2
{[%clk 0:00:49]} 35. axb5 {[%clk 0:00:06]} axb5 {[%clk 0:00:50]} 36. Rb4
{[%clk 0:00:06]} Rxc2 {[%clk 0:00:49]} 37. Rxb5 {[%clk 0:00:07]} Be3
{[%clk 0:00:42]} 38. h3 {[%clk 0:00:06]} Rh2 {[%clk 0:00:42]} 39. Rh5
{[%clk 0:00:05]} h6 {[%clk 0:00:42]} 40. Na5 {[%clk 0:00:04]} Bg5
{[%clk 0:00:43]} 41. h4 {[%clk 0:00:03]} g6 {[%clk 0:00:42]} 42. hxg5
{[%clk 0:00:03]} gxh5 {[%clk 0:00:43]} 43. gxh5 {[%clk 0:00:03]} hxg5
{[%clk 0:00:45]} 0-1

[Event "Blitz 2018"]
[Site "Saint-Petersburg"]
[Date "2018.12.29"]
[Round "9"]
[Board "85"]
[White "Vastrukhin Oleg (RUS)"]
[Black "Guimaraes Diogo Duarte (BRA)"]
[Result "1-0"]
[LiveChessVersion "1.4.8"]
[BlackElo "2228"]
[WhiteElo "2488"]

1. Nf3 {[%clk 0:03:03]} d5 {[%clk 0:02:26]} 2. g3 {[%clk 0:03:04]} Nf6
{[%clk 0:02:23]} 3. Bg2 {[%clk 0:03:04]} c5 {[%clk 0:02:12]} 4. O-O
{[%clk 0:03:04]} Nc6 {[%clk 0:02:09]} 5. d4 {[%clk 0:03:05]} cxd4
{[%clk 0:02:06]} 6. Nxd4 e5 7. Nxc6 {[%clk 0:03:06]} bxc6 {[%clk 0:02:09]} 8. c4
{[%clk 0:03:07]} Be6 {[%clk 0:01:59]} 9. Qa4 {[%clk 0:03:07]} Qd7
{[%clk 0:01:52]} 10. Nc3 {[%clk 0:03:08]} Rc8 {[%clk 0:01:38]} 11. cxd5
{[%clk 0:03:04]} cxd5 {[%clk 0:01:39]} 12. Qxd7+ {[%clk 0:03:04]} Kxd7
{[%clk 0:01:40]} 13. Rd1 {[%clk 0:03:04]} Bc5 {[%clk 0:01:27]} 14. Nxd5
{[%clk 0:02:31]} Nxd5 {[%clk 0:01:26]} 15. Bxd5 {[%clk 0:02:32]} Bxd5
{[%clk 0:01:26]} 16. Rxd5+ {[%clk 0:02:33]} Ke6 {[%clk 0:01:26]} 17. Rd1
{[%clk 0:02:28]} Rhd8 {[%clk 0:01:19]} 18. Bg5 {[%clk 0:01:22]} f6
{[%clk 0:01:20]} 19. Rxd8 {[%clk 0:01:15]} Rxd8 {[%clk 0:01:21]} 20. Rc1
{[%clk 0:01:16]} Bb6 {[%clk 0:01:15]} 21. Be3 {[%clk 0:01:15]} Bxe3
{[%clk 0:01:11]} 22. fxe3 {[%clk 0:01:15]} Rd2 {[%clk 0:01:13]} 23. Kf2
{[%clk 0:00:59]} Rxb2 {[%clk 0:01:10]} 24. Rc7 {[%clk 0:00:59]} g5
{[%clk 0:00:36]} 25. Rxa7 {[%clk 0:00:59]} h5 {[%clk 0:00:29]} 26. a4
{[%clk 0:00:55]} Kf5 {[%clk 0:00:27]} 27. h3 {[%clk 0:00:51]} g4 {[%clk 0:00:28]}
28. h4 {[%clk 0:00:52]} Ra2 {[%clk 0:00:25]} 29. a5 {[%clk 0:00:53]} Rb2
{[%clk 0:00:24]} 30. a6 {[%clk 0:00:47]} Ra2 {[%clk 0:00:24]} 31. Ra8
{[%clk 0:00:44]} Rb2 {[%clk 0:00:24]} 32. Rc8 {[%clk 0:00:17]} Ra2
{[%clk 0:00:26]} 33. Rc6 {[%clk 0:00:18]} Ke4 {[%clk 0:00:19]} 34. Rxf6
{[%clk 0:00:18]} Ra1 {[%clk 0:00:08]} 35. Rh6 {[%clk 0:00:18]} Ra2
{[%clk 0:00:05]} 36. Rxh5 {[%clk 0:00:12]} Rxa6 {[%clk 0:00:07]} 37. Rg5 Rf6+ 38.
Kg2 {[%clk 0:00:13]} Kxe3 {[%clk 0:00:10]} 39. Rxe5+ {[%clk 0:00:14]} Kd2
{[%clk 0:00:08]} 40. Rg5 {[%clk 0:00:13]} Kxe2 {[%clk 0:00:08]} 41. Rxg4
{[%clk 0:00:13]} Rf2+ {[%clk 0:00:07]} 42. Kh3 {[%clk 0:00:14]} Rf1
{[%clk 0:00:04]} 43. Re4+ {[%clk 0:00:12]} Kd3 {[%clk 0:00:05]} 44. Re7
{[%clk 0:00:13]} Kd4 {[%clk 0:00:06]} 45. Kg4 Kd5 46. h5 Kd6 47. Re3
{[%clk 0:00:14]} Kd5 1-0

[Event "Blitz 2018"]
[Site "Saint-Petersburg"]
[Date "2018.12.29"]
[Round "9"]
[Board "86"]
[White "Kryakvin Dmitry (RUS)"]
[Black "Yeritsyan Aram (RUS)"]
[Result "1-0"]
[LiveChessVersion "1.4.8"]
[BlackElo "2191"]
[WhiteElo "2536"]

1. d4 {[%clk 0:03:03]} Nf6 {[%clk 0:03:02]} 2. Bg5 {[%clk 0:03:04]} e6
{[%clk 0:02:58]} 3. e4 {[%clk 0:03:05]} h6 {[%clk 0:02:59]} 4. Bxf6
{[%clk 0:03:05]} Qxf6 {[%clk 0:03:00]} 5. c3 {[%clk 0:03:07]} d6 {[%clk 0:02:58]}
6. Bc4 {[%clk 0:03:06]} Nd7 {[%clk 0:02:54]} 7. Ne2 {[%clk 0:03:05]} g6
{[%clk 0:02:52]} 8. O-O {[%clk 0:03:05]} Bg7 {[%clk 0:02:53]} 9. f4
{[%clk 0:03:05]} Nb6 {[%clk 0:02:29]} 10. Bb3 {[%clk 0:02:58]} d5
{[%clk 0:02:27]} 11. e5 {[%clk 0:02:57]} Qe7 {[%clk 0:02:28]} 12. Nd2
{[%clk 0:02:55]} Bd7 {[%clk 0:02:27]} 13. Nf3 {[%clk 0:02:52]} g5
{[%clk 0:01:35]} 14. Rf2 {[%clk 0:02:43]} O-O-O {[%clk 0:01:30]} 15. a4
{[%clk 0:02:39]} f6 {[%clk 0:01:18]} 16. exf6 {[%clk 0:02:33]} Bxf6
{[%clk 0:01:19]} 17. Ne5 {[%clk 0:02:34]} Be8 {[%clk 0:01:14]} 18. a5
{[%clk 0:02:31]} Nc4 {[%clk 0:00:59]} 19. Nxc4 {[%clk 0:02:22]} dxc4
{[%clk 0:01:00]} 20. Bxc4 {[%clk 0:02:23]} gxf4 {[%clk 0:00:59]} 21. Nxf4
{[%clk 0:02:09]} Bf7 {[%clk 0:01:00]} 22. Qb3 {[%clk 0:02:07]} e5
{[%clk 0:00:46]} 23. dxe5 {[%clk 0:01:57]} Bxc4 {[%clk 0:00:43]} 24. Qxc4
{[%clk 0:01:42]} Bxe5 {[%clk 0:00:33]} 25. Ng6 {[%clk 0:01:39]} Qd6
{[%clk 0:00:26]} 26. Nxh8 {[%clk 0:01:35]} Bxh2+ {[%clk 0:00:27]} 27. Kh1
{[%clk 0:01:36]} Rxh8 {[%clk 0:00:24]} 28. Qg4+ {[%clk 0:01:35]} Kb8
{[%clk 0:00:23]} 29. Rd1 {[%clk 0:01:34]} Qe5 {[%clk 0:00:18]} 30. Re2
{[%clk 0:01:35]} Qf4 {[%clk 0:00:12]} 31. Qh5 {[%clk 0:01:17]} a6
{[%clk 0:00:09]} 32. Qxh2 {[%clk 0:01:17]} 1-0

[Event "Blitz 2018"]
[Site "Saint-Petersburg"]
[Date "2018.12.29"]
[Round "9"]
[Board "87"]
[White "Pogosyan Stefan (RUS)"]
[Black "Gasanov Eldar (UKR)"]
[Result "0-1"]
[BlackElo "2581"]
[WhiteElo "2330"]
[LiveChessVersion "1.4.8"]

1. d4 {[%clk 0:03:04]} d6 {[%clk 0:03:02]} 2. Nf3 {[%clk 0:03:05]} g6
{[%clk 0:03:01]} 3. c4 {[%clk 0:03:06]} Bg7 {[%clk 0:02:58]} 4. Nc3
{[%clk 0:03:08]} Bg4 {[%clk 0:02:58]} 5. g3 {[%clk 0:02:50]} Bxf3
{[%clk 0:02:58]} 6. exf3 {[%clk 0:02:51]} e6 {[%clk 0:02:54]} 7. Bg2
{[%clk 0:02:48]} Ne7 {[%clk 0:02:54]} 8. O-O {[%clk 0:02:44]} d5 {[%clk 0:02:41]}
9. cxd5 {[%clk 0:02:15]} exd5 {[%clk 0:02:33]} 10. Qb3 {[%clk 0:02:06]} b6
{[%clk 0:02:27]} 11. Bg5 {[%clk 0:01:21]} Nbc6 {[%clk 0:02:16]} 12. Rfe1
{[%clk 0:01:10]} O-O {[%clk 0:02:07]} 13. f4 {[%clk 0:00:56]} Nxd4
{[%clk 0:01:08]} 14. Qa3 {[%clk 0:00:16]} f6 {[%clk 0:00:44]} 15. Qxe7
{[%clk 0:00:13]} fxg5 {[%clk 0:00:40]} 16. Bxd5+ {[%clk 0:00:09]} Kh8
{[%clk 0:00:41]} 17. fxg5 {[%clk 0:00:05]} c6 {[%clk 0:00:32]} 18. Bg2
{[%clk 0:00:06]} Nc2 19. Rad1 Bd4 {[%clk 0:00:25]} 20. Qxd8 {[%clk 0:00:07]}
Bxf2+ {[%clk 0:00:19]} 21. Kh1 {[%clk 0:00:05]} Raxd8 {[%clk 0:00:19]} 22. Rxd8
{[%clk 0:00:05]} Rxd8 23. Rf1 Be3 {[%clk 0:00:13]} 24. Bxc6 {[%clk 0:00:08]} Bxg5
{[%clk 0:00:14]} 25. h4 {[%clk 0:00:06]} Ne3 {[%clk 0:00:13]} 26. Rf7
{[%clk 0:00:06]} Bh6 {[%clk 0:00:09]} 27. Be4 {[%clk 0:00:07]} a5
{[%clk 0:00:07]} 28. h5 {[%clk 0:00:08]} Bg7 {[%clk 0:00:07]} 29. hxg6
{[%clk 0:00:07]} hxg6 {[%clk 0:00:09]} 30. Bxg6 {[%clk 0:00:06]} Rd2
{[%clk 0:00:10]} 31. Re7 {[%clk 0:00:06]} Bd4 {[%clk 0:00:08]} 32. Ne4
{[%clk 0:00:05]} Rxb2 {[%clk 0:00:07]} 33. Ng5 {[%clk 0:00:04]} Bf6
{[%clk 0:00:07]} 34. Nf7+ {[%clk 0:00:05]} Kg7 {[%clk 0:00:09]} 35. Rxe3 Kxg6
{[%clk 0:00:09]} 36. Nd6 {[%clk 0:00:07]} Rxa2 {[%clk 0:00:10]} 37. Re6
{[%clk 0:00:08]} Rd2 {[%clk 0:00:05]} 38. Ne4 {[%clk 0:00:09]} Rd1+
{[%clk 0:00:07]} 39. Kg2 {[%clk 0:00:10]} Kf5 {[%clk 0:00:08]} 40. Rxf6+
{[%clk 0:00:10]} Kxe4 {[%clk 0:00:09]} 41. Rxb6 {[%clk 0:00:11]} a4
{[%clk 0:00:11]} 42. Rb4+ {[%clk 0:00:10]} Rd4 {[%clk 0:00:12]} 43. Rb7
{[%clk 0:00:08]} a3 {[%clk 0:00:11]} 44. Ra7 {[%clk 0:00:09]} Rd2+
{[%clk 0:00:11]} 45. Kh3 {[%clk 0:00:10]} a2 {[%clk 0:00:13]} 46. g4
{[%clk 0:00:11]} Kd4 {[%clk 0:00:11]} 47. g5 {[%clk 0:00:12]} Kc3
{[%clk 0:00:12]} 48. g6 {[%clk 0:00:13]} Kb2 {[%clk 0:00:13]} 49. g7
{[%clk 0:00:13]} Rd8 {[%clk 0:00:15]} 50. Kg4 {[%clk 0:00:14]} Rg8
{[%clk 0:00:16]} 51. Kf3 {[%clk 0:00:12]} Rxg7 {[%clk 0:00:17]} 52. Rxg7
{[%clk 0:00:08]} a1=Q {[%clk 0:00:18]} 53. Rg2+ {[%clk 0:00:09]} Kc3
{[%clk 0:00:19]} 54. Kg3 {[%clk 0:00:10]} Kd4 {[%clk 0:00:20]} 55. Kh3
{[%clk 0:00:11]} Ke5 {[%clk 0:00:21]} 56. Rg5+ {[%clk 0:00:11]} Kf4
{[%clk 0:00:22]} 57. Rg4+ {[%clk 0:00:13]} Kf5 {[%clk 0:00:23]} 58. Rg2
{[%clk 0:00:13]} Qh1+ {[%clk 0:00:20]} 59. Kg3 {[%clk 0:00:15]} Ke4
{[%clk 0:00:20]} 60. Re2+ {[%clk 0:00:15]} Kd3 {[%clk 0:00:21]} 61. Rh2
{[%clk 0:00:14]} Qg1+ {[%clk 0:00:22]} 62. Rg2 {[%clk 0:00:16]} Qf1
{[%clk 0:00:21]} 63. Rf2 {[%clk 0:00:16]} Qe1 {[%clk 0:00:21]} 64. Kf3
{[%clk 0:00:13]} Qe4+ {[%clk 0:00:21]} 65. Kg3 {[%clk 0:00:14]} Ke3
{[%clk 0:00:21]} 66. Rg2 {[%clk 0:00:13]} Qg6+ {[%clk 0:00:21]} 67. Kh3
{[%clk 0:00:14]} Qh7+ {[%clk 0:00:20]} 68. Kg3 {[%clk 0:00:15]} Qh5
{[%clk 0:00:21]} 69. Rg1 {[%clk 0:00:11]} Qg5+ {[%clk 0:00:22]} 70. Kh2
{[%clk 0:00:12]} Qh4+ {[%clk 0:00:22]} 71. Kg2 {[%clk 0:00:13]} Qf2+
{[%clk 0:00:21]} 72. Kh1 {[%clk 0:00:13]} Qf5 {[%clk 0:00:12]} 73. Kh2
{[%clk 0:00:11]} Qh7+ {[%clk 0:00:10]} 74. Kg2 {[%clk 0:00:13]} Qh4
{[%clk 0:00:11]} 75. Rf1 {[%clk 0:00:07]} Qg4+ {[%clk 0:00:12]} 76. Kh2
{[%clk 0:00:08]} Ke2 {[%clk 0:00:13]} 77. Rg1 {[%clk 0:00:08]} Qh4+
{[%clk 0:00:13]} 78. Kg2 {[%clk 0:00:09]} Qh5 {[%clk 0:00:12]} 79. Kg3
{[%clk 0:00:04]} Qg5+ {[%clk 0:00:11]} 80. Kh2 {[%clk 0:00:06]} Qh6+
{[%clk 0:00:11]} 81. Kg3 {[%clk 0:00:06]} Qh5 {[%clk 0:00:12]} 82. Rg2+
{[%clk 0:00:06]} Ke3 {[%clk 0:00:13]} 83. Rg1 {[%clk 0:00:06]} Qe5+
{[%clk 0:00:13]} 84. Kg2 {[%clk 0:00:08]} Ke2 {[%clk 0:00:13]} 85. Kh3
{[%clk 0:00:08]} Kf2 {[%clk 0:00:12]} 86. Rg4 {[%clk 0:00:07]} Qh5+
{[%clk 0:00:13]} 0-1

[Event "Blitz 2018"]
[Site "Saint-Petersburg"]
[Date "2018.12.29"]
[Round "9"]
[Board "88"]
[White "Baron Tal (ISR)"]
[Black "Petrov Nikita (RUS)"]
[Result "0-1"]
[BlackElo "2468"]
[WhiteElo "2421"]
[LiveChessVersion "1.4.8"]

1. Nf3 {[%clk 0:03:03]} d5 {[%clk 0:03:03]} 2. d4 {[%clk 0:03:05]} Nf6
{[%clk 0:03:04]} 3. Bf4 {[%clk 0:03:06]} c5 {[%clk 0:03:05]} 4. e3
{[%clk 0:03:08]} Nc6 5. Nbd2 e6 {[%clk 0:03:06]} 6. c3 {[%clk 0:03:09]} Bd6
{[%clk 0:03:07]} 7. Bg3 {[%clk 0:03:11]} O-O {[%clk 0:03:06]} 8. Bb5
{[%clk 0:03:12]} Be7 {[%clk 0:03:07]} 9. h3 {[%clk 0:03:08]} Qb6 {[%clk 0:03:08]}
10. a4 {[%clk 0:03:04]} a6 {[%clk 0:03:05]} 11. Bxc6 {[%clk 0:03:03]} bxc6
{[%clk 0:03:05]} 12. Qc2 {[%clk 0:02:50]} a5 {[%clk 0:03:05]} 13. O-O
{[%clk 0:02:47]} Ba6 {[%clk 0:02:56]} 14. Rfc1 {[%clk 0:02:21]} Nd7
{[%clk 0:02:40]} 15. e4 {[%clk 0:01:56]} Rfc8 {[%clk 0:02:37]} 16. Ne5
{[%clk 0:01:42]} Nf6 {[%clk 0:02:28]} 17. dxc5 {[%clk 0:01:11]} Bxc5
{[%clk 0:02:23]} 18. exd5 {[%clk 0:00:51]} cxd5 {[%clk 0:02:18]} 19. Nb3
{[%clk 0:00:52]} Bd6 {[%clk 0:02:08]} 20. Nd2 {[%clk 0:00:34]} Rab8
{[%clk 0:01:52]} 21. Rab1 {[%clk 0:00:32]} Qc7 {[%clk 0:01:52]} 22. Re1
{[%clk 0:00:32]} Nh5 {[%clk 0:01:41]} 23. Bh2 {[%clk 0:00:32]} f6
{[%clk 0:01:34]} 24. Nef3 {[%clk 0:00:32]} Bxh2+ {[%clk 0:01:35]} 25. Nxh2
{[%clk 0:00:33]} Nf4 {[%clk 0:01:34]} 26. Re3 {[%clk 0:00:30]} d4
{[%clk 0:01:32]} 27. Rf3 {[%clk 0:00:25]} Be2 {[%clk 0:01:27]} 28. Rg3
{[%clk 0:00:24]} d3 {[%clk 0:01:25]} 29. Qc1 {[%clk 0:00:25]} Bh5
{[%clk 0:01:24]} 30. Qe1 {[%clk 0:00:20]} Ne2+ {[%clk 0:01:25]} 31. Kh1
{[%clk 0:00:21]} Nxg3+ {[%clk 0:01:26]} 32. fxg3 e5 33. c4 {[%clk 0:00:19]} Be2
{[%clk 0:01:18]} 34. b3 {[%clk 0:00:18]} Qc5 {[%clk 0:01:11]} 35. Nhf3
{[%clk 0:00:18]} Qe3 {[%clk 0:00:56]} 36. Nf1 {[%clk 0:00:15]} Qb6
{[%clk 0:00:57]} 37. N1d2 {[%clk 0:00:17]} Re8 {[%clk 0:00:56]} 38. Ng1
{[%clk 0:00:17]} Bh5 {[%clk 0:00:51]} 39. Ne4 {[%clk 0:00:18]} Qd4
{[%clk 0:00:47]} 40. c5 {[%clk 0:00:16]} f5 {[%clk 0:00:45]} 41. Nd6
{[%clk 0:00:17]} d2 {[%clk 0:00:46]} 42. Qf1 {[%clk 0:00:14]} d1=Q
{[%clk 0:00:41]} 43. Rxd1 {[%clk 0:00:15]} Bxd1 {[%clk 0:00:42]} 44. Qxf5
{[%clk 0:00:08]} Bxb3 {[%clk 0:00:41]} 45. Nf3 {[%clk 0:00:04]} Qxc5
{[%clk 0:00:34]} 0-1